| 000 | 01294nam a2200337 a 4500 | ||
|---|---|---|---|
| 001 | ebr10454762 | ||
| 003 | CaPaEBR | ||
| 006 | m u | ||
| 007 | cr cn||||||||| | ||
| 008 | 100226s2010 njua sb 001 0 eng d | ||
| 010 | _z 2010005156 | ||
| 020 | _z9780470528105 (cloth) | ||
| 020 | _z0470528109 (cloth) | ||
| 020 | _z9780470649640 (e-book) | ||
| 040 |
_aCaPaEBR _cCaPaEBR |
||
| 035 | _a(OCoLC)676875078 | ||
| 050 | 1 | 4 |
_aTS1109 _b.B24 2010eb |
| 082 | 0 | 4 |
_a676/.042 _222 |
| 100 | 1 |
_aBajpai, P. _q(Pratima) |
|
| 245 | 1 | 0 |
_aEnvironmentally friendly production of pulp and paper _h[electronic resource] / _cPratima Bajpai. |
| 260 |
_aHoboken, N.J. : _bWiley, _cc2010. |
||
| 300 |
_avii, 365 p. : _bill. |
||
| 504 | _aIncludes bibliographical references and index. | ||
| 533 |
_aElectronic reproduction. _bPalo Alto, Calif. : _cebrary, _d2013. _nAvailable via World Wide Web. _nAccess may be limited to ebrary affiliated libraries. |
||
| 650 | 0 |
_aPulping _xEnvironmental aspects. |
|
| 650 | 0 |
_aPapermaking _xEnvironmental aspects. |
|
| 650 | 0 | _aSustainable engineering. | |
| 655 | 7 |
_aElectronic books. _2local |
|
| 710 | 2 | _aebrary, Inc. | |
| 856 | 4 | 0 |
_uhttp://site.ebrary.com/lib/rucke/Doc?id=10454762 _zAn electronic book accessible through the World Wide Web; click to view |
| 999 |
_c124259 _d124259 |
||